000 00379nam a2200145Ia 4500
008 230917s9999||||xx |||||||||||||| ||und||
040 _e100308
_aMAIN
041 _aEnglish
082 _a954.01 C392P
100 _aChattopadhyaya, Devi Prasad
245 0 _aPracheen Bharat mein vigyan aur samaj
260 _aNew Delhi
_bGranth Shilpi
_c2001
300 _a493 p.
942 _cBK
999 _c108949
_d108949